000 00603nam a2200229Ia 4500
003 OSt
005 20221007064223.0
006 a|||||r|||| 00| 0
007 ta
008 221006b |||||||| |||| 00| 0 eng d
024 _a7,165
037 _cReference Collections
040 _aFLL
_cFLL
_beng
041 _2eng
_aeng
082 _a33:L68, J5;L3.13
245 0 _aEncyclopaedia britannica
260 _aChicago
_bWillaim benton London
_c1973
300 _a1139p
_ccm.
490 _vV13
942 _h33:L68, J5;L3.13
_cREF
_2CC
999 _c1133284
_d1133284